|
|
|
|
| LEADER |
01503nam a22003732a 4500 |
| 001 |
001650997 |
| 003 |
CZ BrMZK |
| 005 |
20181203104850.0 |
| 007 |
ta |
| 008 |
181012s1961 xr a erf||||||||||cze d |
| 015 |
|
|
|a cnb000517459
|
| 035 |
|
|
|a (OCoLC)85334303
|
| 040 |
|
|
|a ABA001
|b cze
|c OSA001
|d ABA001
|d BOA001
|
| 072 |
|
7 |
|a 636
|x Chov zvířat. Živočišná výroba
|2 Konspekt
|9 24
|
| 080 |
|
|
|a 636.4:591.35
|2 MRF
|
| 080 |
|
|
|a 636.08
|2 MRF
|
| 080 |
|
|
|a (072)
|2 MRF
|
| 100 |
1 |
|
|a Jukl, Alexander
|7 jx20041014025
|4 aut
|
| 245 |
1 |
0 |
|a Nová technologie v odchovu selat :
|b [určeno] pro pobočky zeměd. a les. společ., druž. a záv. školy práce a zeměd. poradny /
|c A. Jukl
|
| 250 |
|
|
|a 1. vyd.
|
| 260 |
|
|
|a Praha :
|b Státní zemědělské nakladatelství,
|c 1961
|
| 300 |
|
|
|a 19 s. :
|b il. ;
|c 8°
|
| 490 |
1 |
|
|a Metodiky pro zavádění výsledků výzkumu do praxe
|
| 500 |
|
|
|a 5000 výt.
|
| 550 |
|
|
|a Vydavatel: Ministerstvo zemědělství, lesního a vodního hospodářství
|
| 650 |
0 |
7 |
|a selata
|7 ph307636
|2 czenas
|
| 650 |
0 |
7 |
|a chov hospodářských zvířat
|7 ph119201
|2 czenas
|
| 655 |
|
7 |
|a metodické příručky
|7 fd132826
|2 czenas
|
| 710 |
1 |
|
|a Československo.
|b Ministerstvo zemědělství, lesního a vodního hospodářství
|7 kn20050513017
|
| 830 |
|
0 |
|a Metodiky pro zavádění výsledků výzkumu do praxe
|
| 910 |
|
|
|a BOA001
|b X-0455.775
|
| 990 |
|
|
|a BK
|
| 991 |
|
|
|b 201810
|
| 996 |
6 |
|
|b 2618963466
|c X-0455.775
|l MZK
|r Sklad / do 24 hodin
|n 0
|w 001689790
|u 000010
|a 1
|e BOA001
|j MZK50
|s P
|